|
|
|
|
| LEADER |
00664cam a2200193 7i4500 |
| 001 |
0000020716 |
| 005 |
20080228090000.0 |
| 020 |
0 |
0 |
|a 978-0-07-147478-8
|
| 090 |
0 |
0 |
|a B 338.7610040954
|b HAM
|
| 100 |
1 |
0 |
|a Hamm,Stere
|
| 245 |
0 |
0 |
|a Bangalore tiger :
|b how Indian tech upstart wipro is rewritting the rules of global competition.
|
| 260 |
0 |
0 |
|a New York:
|b McGraw-Hill,
|c 2007.
|
| 300 |
# |
# |
|a 329 p.
|
| 650 |
0 |
0 |
|a Information technology --
|z India
|
| 650 |
0 |
0 |
|a High technology services industries --
|z India
|
| 650 |
0 |
0 |
|a Customer services --
|z India
|
| 650 |
0 |
0 |
|a Business logistics --
|z India
|
| 651 |
0 |
0 |
|a India
|
| 999 |
|
|
|a B000021852
|b Book
|c Book
|e Business Information Centre
|